| 000 | 01897nam a2200433 c 4500 | ||
|---|---|---|---|
| 003 | BLK | ||
| 005 | 20230211170202.0 | ||
| 008 | 180410b bul|||||r ||||||| ||bul|| | ||
| 010 | _aKNG00170164000 | ||
| 020 |
_a978-954-322-568-2 _bиздат.: Акад. изд. Проф. Марин Дринов |
||
| 040 | _aBLK | ||
| 041 |
_aBUL _cBUL |
||
| 072 | 7 |
_2bullib _aН39 _xЕтнология. Фолклористика Н |
|
| 080 |
_a _b398.1/.4 _x(497.2) _z398.1/.4(497.2) |
||
| 080 |
_a _b291.2/.3 _x(=867) _z291.2/.3(=867) |
||
| 100 | 1 |
_aГеоргиева, Иваничка Петрова _eпърви автор _9366220 |
|
| 700 | 1 |
_aЮскеселиев, Христо Иванов _eфотогр. _9378396 |
|
| 139 |
_aГеоргиева, Иваничка Петрова _bГ 37 |
||
| 245 | 1 | 0 |
_aБългарска народна митология _cИваничка Петрова Георгиева; фотогр. Христо Иванов Юскеселиев. |
| 250 | _a3. прераб. и доп. изд. | ||
| 257 | _aBGR | ||
| 260 |
_аСофия _bАкад. изд. Проф. Марин Дринов _c2013 |
||
| 300 |
_a404 с., 55 л. цв. ил. _c25 см |
||
| 380 | _a3 | ||
| 490 | 1 | _aНие, българите : народ, общество, култура | |
| 500 | _a1. изд. 1983 дис. като кн. - Съдържа и за авт. - Библиогр. след отд. гл. | ||
| 650 | 4 |
_aМитология - България _9284861 |
|
| 650 | 4 |
_aМитология, българска _9335759 |
|
| 651 | 4 |
_aБългария _9241624 |
|
| 653 | _aмитология | ||
| 653 | _aнародни вярвания | ||
| 653 | _aнародни обичаи | ||
| 659 | _aН | ||
| 852 | _aЦб 272410 | ||
| 856 | 4 |
_qpdf _u |
|
| 856 | 4 |
_qpdf _u |
|
| 942 |
_cKNG _n0 _012 |
||
| 944 |
_aCR _c26.01.2015 _lф / _kВиолета_Тройчева |
||
| 944 |
_aED _c12.01.2016 _lф / _kЛюдмила_Стоянова |
||
| 999 |
_c162783 _d162783 |
||